00627nam a2200181Ia 4500008004100000020001500041041001200056082001600068100001700084245007600101250000800177260004400185300000900229650001500238942000700253999001500260952017000275221030s9999 xx 000 0 und d a0194314456 aEnglish a105.23bHor aA. S. Hornby 0aOxford Advanced Learner`s Dictonary of Current Englishcby A. S. Hornby a5th bOxfor University PressaNew Delhic1999 a1475 aDictionary cBK c1552d1552 pBE 889g380.00l0o105.23 Horr2024-06-13 00:00:00w2022-10-30yBK003Print4071aMIETLIBbMIETLIBcBL-Academic Block C, FL-2, CUP-21, SH-5, R-5d2000-02-0110HBE